Otras veces soy jaguar /
Guardado en:
| Autor Principal: | |
|---|---|
| Otros Autores: | |
| Formato: | Libro |
| Publicado: |
Buenos Aires :
Piedra Santa,
2013
|
| Series: | Barriletes
|
| Materias: | |
| Etiquetas: |
Agregar Etiqueta
Sin Etiquetas, Sea el primero en etiquetar este registro!
|
| LEADER | 01154nam a22002775a 4500 | ||
|---|---|---|---|
| 001 | CEM.cems015509 | ||
| 008 | 130507s2013##################000#0#####d | ||
| 005 | 20240216151424.0 | ||
| 245 | 1 | 0 | |a Otras veces soy jaguar / |c Humberto Ak'abal ; ilustrado Por Amelia Lau |
| 260 | |a Buenos Aires : |b Piedra Santa, |c 2013 | ||
| 300 | |a 64 p. | ||
| 490 | 0 | |a Barriletes | |
| 505 | 0 | |a Otras veces soy jaguar -- Roxacán y otros animales grandes -- Las abejas, comadres de las flores y otros animales -- Llueven los cantos -- Los árboles abrazan a los árboles -- El grito del trueno -- El cielo carcajea tempestades | |
| 020 | |a 9789873501456 | ||
| 100 | 1 | |a Ak'abal, Humberto | |
| 700 | 1 | |a Lau, Amelia; il. | |
| 082 | 0 | 4 | |a G861.4 |
| 653 | |a Literatura | ||
| 653 | |a Literatura gutemalteca | ||
| 653 | |a Literatura infantil | ||
| 653 | |a Poesía | ||
| 653 | |a Poesía infantil | ||
| 653 | |a Colección ciencias de la educación | ||
| 859 | |a CEMS |b BIB. CEMS - Inicial y Primaria |h G861.4 |i Ak79 |k IP |p 5283 |t Ej.1 | ||
| 859 | |a CEMS |b BIB. CEMS - Ccias. Educacion |h G861.4 |i Ak79 |k CE |p 28911.19 |t Ej.1 | ||
| 859 | |a CEMS |b BIB. CEMS - Inicial y Primaria |h G861.4 |i Ak79 |k IP |p 4016 |t Ej.2 | ||
